| 000 | 00867nam a2200193Ia 4500 | ||
|---|---|---|---|
| 999 |
_c5723 _d5723 |
||
| 003 | OSt | ||
| 005 | 20200512174938.0 | ||
| 008 | 191128s1970 ck gr 000 0 spa d | ||
| 040 |
_aCO-JMCR _cCO-JMCR |
||
| 041 | 0 | _aspa | |
| 082 | 0 | 4 |
_a328.34 / _bM337i _223 |
| 100 | 1 |
_aMarín Vanegas, Dario, _eautor _94209 |
|
| 245 | 1 | 0 |
_aLa inmunidad parlamentaria en Colombia : _bapartes de un debate de trascendencia histórica / _cDario Marín Vanegas |
| 260 |
_aBogotá : _bSenado de la República, _c1970 |
||
| 300 |
_a93 páginas ; _c23 cm. |
||
| 505 | 0 | _aInforme rendido al Senado por los senadores Angulo Gómez y Marín Vanegas sobre el levantamiento de la inmunidad del Senador Vives Echeverría -- Discurso pronunciado por el Senador Marín Vanegas ante el Senado en el debate. | |
| 650 | 1 | 4 |
_aInmunidad parlamentaria _xprivilegios e inmunidades _94210 |
| 942 |
_2ddc _cBK |
||